Gente sana y desarrollo humano

Сохранить в:
Библиографические подробности
Формат:
Язык:испанский
португальский
Опубликовано: Santiago Oficina Regional Latinoamericana 1996
Предметы:
Метки: Добавить метку
Нет меток, Требуется 1-ая метка записи!

MARC

LEADER 00000nam a2200000 a 4500
001 UCT4721
003 CL-VaPUC
005 20231103091629.0
008 961122e19960000cl 1 spa d
041 0 7 |a spa  |2 CL-VaPUC 
041 0 7 |a por  |2 CL-VaPUC 
082 0 4 |a 372.37  |b GEN  |2 21 
245 1 0 |a Gente sana y desarrollo humano 
260 |a Santiago  |b Oficina Regional Latinoamericana  |c 1996 
300 |a 434 p 
583 |a last modification  |c 19961122 00:00:00  |k Rodrigo Vera 
650 0 7 |a EDUCACION SANITARIA  |2 CL-VaPUC  |9 339099 
650 0 0 |a Recursos humanos   |9 228420 
650 0 0 |a Capacitación docente  |9 312871 
650 0 0 |a Salud pública  |9 258913 
650 0 7 |a EDUCACION Y SALUD  |2 CL-VaPUC  |9 369581 
650 0 0 |a Formación profesional   |9 257232 
651 7 |a CHILE  |2 CL-VaPUC  |9 618078 
651 0 |a México  |9 255269 
651 7 |a PUERTO RICO  |2 CL-VaPUC  |9 254988 
651 0 |a Argentina  |9 254888 
651 7 |a EL SALVADOR  |2 CL-VaPUC  |9 257726 
651 0 |a Brasil  |9 267393 
942 |c BK 
945 |a rleighto  |d 19961122 00:00:00 
546 |a En Español 
546 |a En Portugués 
518 |p Conferencia Latinoamericana de promoción de la salud y educación para la salud, 2, Santiago, 13 17 de Octubre 1996 
999 |c 382772  |d 382770 
952 |0 0  |1 0  |4 0  |6 372_370000000000000_GEN_1996  |7 0  |8 P  |9 504654  |a BIBEDU  |b BIBEDU  |c BIBEDU_PB  |d 2020-01-23  |i 3247015  |o 372.37 GEN 1996  |p 3247015  |r 2024-01-25  |w 2020-01-23  |y BK  |k EDU 
952 |0 0  |1 0  |4 0  |6 372_370000000000000_GEN_1996  |7 0  |8 P  |9 504655  |a BIBEDU  |b BIBEDU  |c BIBEDU_PB  |d 2020-01-23  |i 3247023  |o 372.37 GEN 1996  |p 3247023  |r 2024-01-25  |w 2020-01-23  |y BK  |k EDU